000 00800nam a2200241 a 4500
005 20240315063702.0
008 991125s2000 mx 000 0 spa u
020 _a9701846338
035 _aUPN01000134324
049 _aI
050 4 _aQL225
_bM3.2 2000
100 1 _aMartín del Campo, Rafael
_929663
245 1 0 _aAnimales mexicanos /
_cRafael Martín del Campo ; il. Felipe Dávalos.
250 _a4a ed.
260 _aMéxico :
_bCONAFE,
_c2000.
300 _a80 p. :
_bprincipalmente il. col.
440 0 _aColibrí.
_pCiencias naturales
501 _aCon: Aves / Lourdes Navarijo -- Mariposas / Carlos R. Beutelspacher
650 4 _aZOOLOGIA -
_zMEXICO
_926223
650 2 _aAves
_vLiteratura infantil
_919835
650 4 _aMARIPOSAS -
_vLITERATURA INFANTIL
_920151
905 _aInfantil
999 _c106475
_d106475